[Event "AUTO-INT-2731"]
[Site "http://www.queenalice.com/game.php?id=1221355"]
[Date "2013.10.1"]
[Round "1"]
[White "AlanGarcia"]
[Black "Epilos"]
[Result "0-1"]
[WhiteElo "1448"]
[BlackElo "1552"]

1. Nf3 d5 2. d4 Bf5 3. h3 Nc6 4. g4 Be4 5. Nbd2 Bxf3 6. exf3 Nxd4 7. f4 e6 8. c3
Nc6 9. Nb3 Nf6 10. g5 Ne4 11. Be3 b6 12. f3 Nc5 13. Bxc5 Bxc5 14. Bb5 Qd6 15.
Ba6 Qxf4 16. Nxc5 bxc5 17. Bb7 Rb8 18. Bxc6+ Ke7 19. Qe2 Qg3+ 20. Kd1 Rxb2 21.
Qxb2 Qxf3+ 22. Kc2 Qe2+ 23. Kb3 Rb8+ 24. Ka3 Qxb2+ 25. Ka4 Qc2+ 26. Ka3 Qxc3+
27. Ka4 Qb4# 0-1

[Event "AUTO-INT-2731"]
[Site "http://www.queenalice.com/game.php?id=1221356"]
[Date "2013.10.1"]
[Round "1"]
[White "Epilos"]
[Black "AlanGarcia"]
[Result "1-0"]
[WhiteElo "1580"]
[BlackElo "1372"]

1. e4 e5 2. Nf3 f6 3. Bc4 Nh6 4. d4 Ng4 5. h3 Bb4+ 6. c3 Nxf2 7. Kxf2 Bd6 8. d5
Na6 9. Bxa6 bxa6 10. Be3 Qe7 11. b4 g5 12. Qb3 h5 13. c4 Qf7 14. c5 Be7 15. d6
cxd6 16. Qd5 Qg6 17. Qxa8 O-O 18. cxd6 Bxd6 19. Qd5+ Kg7 20. Qxd6 Qxe4 21. Nbd2
Qc2 22. Rhc1 Qg6 23. Qe7+ Rf7 24. Qe8 Bb7 25. Bxa7 g4 26. hxg4 hxg4 27. Nh2 g3+
28. Kg1 1-0

[Event "AUTO-INT-2731"]
[Site "http://www.queenalice.com/game.php?id=1221357"]
[Date "2013.10.1"]
[Round "1"]
[White "AlanGarcia"]
[Black "MarceloLopes"]
[Result "0-1"]
[WhiteElo "1442"]
[BlackElo "1641"]

1. e3 e5 2. d4 exd4 3. Qxd4 c5 4. Qc4 d5 5. Qb5+ Qd7 6. f4 c4 7. a4 Qxb5 8. Nc3
Qd7 9. Nge2 Bb4 10. g3 Bxc3+ 11. Nxc3 d4 12. Ne4 dxe3 13. Bxe3 Nh6 14. Bxc4 O-O
15. O-O Ng4 16. Bb5 Qd5 17. Bc5 Rd8 18. Rad1 Qxd1 19. Rxd1 Rxd1+ 0-1

[Event "AUTO-INT-2731"]
[Site "http://www.queenalice.com/game.php?id=1221358"]
[Date "2013.10.1"]
[Round "1"]
[White "MarceloLopes"]
[Black "AlanGarcia"]
[Result "1-0"]
[WhiteElo "1632"]
[BlackElo "1462"]

1. e4 e5 2. Nf3 d6 3. d4 Bd7 4. dxe5 f5 5. exf5 Bxf5 6. Bd3 Nh6 7. Qe2 d5 8.
Bxh6 Bb4+ 9. c3 Bc5 10. Bxf5 Nd7 11. Bg5 Qc8 12. Bxd7+ Qxd7 13. b4 Be7 14. e6
Qa4 15. Bxe7 Qc6 16. Bh4 O-O 17. e7 Rf5 18. b5 Qd7 19. O-O a6 20. bxa6 1-0

[Event "Challenge 04"]
[Site "http://www.queenalice.com/game.php?id=1222673"]
[Date "2013.10.7"]
[Round "-"]
[White "AlanGarcia"]
[Black "RamonChess"]
[Result "0-1"]
[WhiteElo "1470"]
[BlackElo "1942"]

1. Nf3 Nf6 2. d4 d5 3. c3 Nbd7 4. Nbd2 e6 5. Ne5 c5 6. e3 c4 7. Be2 Be7 8. g4
O-O 9. h4 Nxe5 10. dxe5 Ne4 11. O-O Bxh4 12. f3 Ng3 13. Rf2 Qg5 14. f4 Nxe2+ 15.
Rxe2 Qxg4+ 16. Kf1 f6 17. Qa4 fxe5 18. Rg2 Qh3 19. Nf3 Qxf3+ 20. Kg1 exf4 21.
Qc2 fxe3 22. a4 e5 23. b3 Bh3 24. Ba3 Bxg2 25. Qxg2 Bf2+ 26. Kf1 e2# 0-1

[Event "Challenge 03"]
[Site "http://www.queenalice.com/game.php?id=1222736"]
[Date "2013.10.7"]
[Round "-"]
[White "Greeley"]
[Black "AlanGarcia"]
[Result "1-0"]
[WhiteElo "1974"]
[BlackElo "1425"]

1. b4 Nf6 2. Bb2 e5 3. Bxe5 b5 4. e3 Nd5 5. a3 d6 6. Bb2 h5 7. Nf3 Nc6 8. Bxb5
Bb7 9. Nd4 a6 10. Bxc6+ Bxc6 11. Nxc6 1-0

[Event "Challenge 05"]
[Site "http://www.queenalice.com/game.php?id=1222737"]
[Date "2013.10.7"]
[Round "-"]
[White "Greeley"]
[Black "AlanGarcia"]
[Result "1-0"]
[WhiteElo "1972"]
[BlackElo "1427"]

1. Nh3 d6 2. g3 Bxh3 3. Bxh3 Nh6 4. O-O f5 5. d4 Ng4 6. e4 g6 7. exf5 gxf5 8.
Bxg4 fxg4 9. Qxg4 e5 10. Qh5+ Kd7 11. dxe5 1-0

[Event "AUTO-OPEN-3096"]
[Site "http://www.queenalice.com/game.php?id=1222786"]
[Date "2013.10.7"]
[Round "1"]
[White "twiddledeedum"]
[Black "AlanGarcia"]
[Result "1-0"]
[WhiteElo "1756"]
[BlackElo "1423"]

1. e4 d5 2. exd5 Qxd5 3. Nc3 Qe6+ 4. Qe2 Nc6 5. Nf3 b6 6. Qxe6 Bxe6 7. Bb5 Bd7
8. a3 Nd4 9. Bxd7+ Kd8 10. Nxd4 Kxd7 11. O-O e5 12. Nf3 Re8 13. d3 Bc5 14. Be3
Bd6 15. Nb5 e4 16. dxe4 Rxe4 17. Ng5 Bxh2+ 18. Kxh2 Re5 19. Rad1+ Kc8 20. Nc3
1-0

[Event "AUTO-OPEN-3096"]
[Site "http://www.queenalice.com/game.php?id=1222787"]
[Date "2013.10.7"]
[Round "1"]
[White "AlanGarcia"]
[Black "twiddledeedum"]
[Result "0-1"]
[WhiteElo "1360"]
[BlackElo "1784"]

1. d4 d5 2. Nc3 e6 3. Nf3 Nc6 4. a3 Nf6 5. Bg5 Be7 6. Ne5 Nxe5 7. e4 Nc4 8. e5
Nd7 9. h4 Bxg5 10. g3 Bh6 11. Bg2 Nxb2 12. Qb1 Nc4 13. O-O Nd2 14. Qa2 Nxf1 15.
Bxf1 a6 16. Nxd5 Nb6 17. c4 exd5 18. c5 Nc4 19. f4 Be6 20. Be2 Ne3 0-1

[Event "AUTO-OPEN-3096"]
[Site "http://www.queenalice.com/game.php?id=1222814"]
[Date "2013.10.7"]
[Round "1"]
[White "AlanGarcia"]
[Black "Pagano"]
[Result "0-1"]
[WhiteElo "1434"]
[BlackElo "2107"]

1. e3 c5 2. c3 d5 3. f4 Bf5 4. Na3 Nc6 5. d4 e6 6. g4 Be4 7. Nb5 Bxh1 8. g5 cxd4
9. exd4 a6 10. Na3 Nge7 11. b4 Nf5 12. Qe2 Nxb4 13. Nh3 Qc7 14. cxb4 Bxb4+ 15.
Kf2 Nxd4 16. Qd3 Bc5 17. Bg2 Nc2+ 18. Kg3 Nxa1 0-1

[Event "AUTO-OPEN-3096"]
[Site "http://www.queenalice.com/game.php?id=1222815"]
[Date "2013.10.7"]
[Round "1"]
[White "Pagano"]
[Black "AlanGarcia"]
[Result "1-0"]
[WhiteElo "2106"]
[BlackElo "1436"]

1. e4 d5 2. exd5 Qxd5 3. Nc3 Qe6+ 4. Be2 g5 5. d4 b6 6. Bxg5 f6 7. Bf4 Bh6 8.
Bxh6 Nxh6 9. Nf3 Ng4 10. O-O h5 11. d5 Qf5 12. Nd4 Qg6 13. Bb5+ Nd7 14. Ne6 Bb7
15. Nxc7+ Kf7 16. Bxd7 Rad8 17. Bxg4 hxg4 18. Qd3 Qg5 19. Ne6 1-0

[Event "AUTO-INT-2735"]
[Site "http://www.queenalice.com/game.php?id=1222868"]
[Date "2013.10.7"]
[Round "1"]
[White "AlanGarcia"]
[Black "Slazenger"]
[Result "0-1"]
[WhiteElo "1510"]
[BlackElo "1660"]

1. Nf3 d5 2. d4 b6 3. e3 f6 4. c4 e6 5. Bd3 Bb7 6. e4 dxe4 7. Be2 exf3 8. gxf3
e5 9. d5 Bc5 10. O-O c6 11. b3 Bd4 12. dxc6 Nxc6 13. f4 Qe7 14. Ba3 Bc5 15. Bxc5
Qxc5 0-1

[Event "AUTO-INT-2735"]
[Site "http://www.queenalice.com/game.php?id=1222869"]
[Date "2013.10.7"]
[Round "1"]
[White "Slazenger"]
[Black "AlanGarcia"]
[Result "1-0"]
[WhiteElo "1670"]
[BlackElo "1500"]

1. e4 d5 2. exd5 Qxd5 3. Nc3 Qe6+ 4. Qe2 Qd7 5. Nf3 Nf6 6. d3 e6 7. Ne5 Qd4 8.
Nf3 Qb4 9. a3 Qd6 10. g3 Be7 11. Bf4 Qb6 12. Ra2 O-O 13. Be3 Qc6 14. Bd2 Bc5 15.
b4 Bd6 16. Rg1 1-0

[Event "AUTO-INT-2735"]
[Site "http://www.queenalice.com/game.php?id=1222870"]
[Date "2013.10.7"]
[Round "1"]
[White "AlanGarcia"]
[Black "Mighty_Manu"]
[Result "0-1"]
[WhiteElo "1420"]
[BlackElo "1463"]

1. Nf3 f6 2. Nc3 c6 3. e4 d5 4. d4 e6 5. g4 dxe4 6. Nxe4 Bd6 7. Be3 Ne7 8. h4
O-O 9. Qd3 Qa5+ 10. c3 b5 11. Nxd6 Rd8 12. Bf4 Nd5 13. g5 Nxf4 14. Qc2 Rxd6 15.
gxf6 gxf6 0-1

[Event "AUTO-INT-2735"]
[Site "http://www.queenalice.com/game.php?id=1222871"]
[Date "2013.10.7"]
[Round "1"]
[White "Mighty_Manu"]
[Black "AlanGarcia"]
[Result "1-0"]
[WhiteElo "1480"]
[BlackElo "1434"]

1. e4 Nh6 2. f4 d5 3. exd5 Qxd5 4. Nc3 Qd6 5. d4 Nc6 6. Ne4 Qxd4 7. Qxd4 Nxd4 8.
Bd3 Bf5 9. Be3 Bxe4 10. Bxe4 O-O-O 11. O-O-O Nb5 12. Ne2 f6 13. Rxd8+ 1-0

[Event "AUTO-INT-2735"]
[Site "http://www.queenalice.com/game.php?id=1222872"]
[Date "2013.10.7"]
[Round "1"]
[White "AlanGarcia"]
[Black "sphagnis"]
[Result "0-1"]
[WhiteElo "1480"]
[BlackElo "1634"]

1. c3 d5 2. d4 Nc6 3. Na3 a6 4. b4 e5 5. e3 e4 6. g4 Qg5 7. h3 Nf6 8. Bd2 Bd6 9.
h4 Qxg4 10. Be2 Qg6 11. Qa4 b5 12. Qb3 Bg4 13. O-O-O Bxe2 14. Nxe2 Qg4 15. Rdg1
Qh5 16. Nf4 Bxf4 17. exf4 Ng4 18. c4 Nxf2 19. Rh2 dxc4 0-1

[Event "AUTO-INT-2735"]
[Site "http://www.queenalice.com/game.php?id=1222873"]
[Date "2013.10.7"]
[Round "1"]
[White "sphagnis"]
[Black "AlanGarcia"]
[Result "1-0"]
[WhiteElo "1623"]
[BlackElo "1491"]

1. e4 d5 2. Nc3 e6 3. d3 d4 4. Nce2 Na6 5. a3 c5 6. e5 Qd5 7. Nf3 f6 8. Nf4 Qd8
9. Nh4 fxe5 10. Qh5+ g6 11. Qxe5 g5 12. Nxe6 Qd6 13. Ng7+ Kf7 14. Qxd6 Bxd6 15.
Ngf5 Bxf5 16. Nxf5 Re8+ 17. Be2 Nf6 18. Nxd6+ Kg6 19. Nxe8 Rxe8 20. c3 1-0

[Event "Challenge 06"]
[Site "http://www.queenalice.com/game.php?id=1224323"]
[Date "2013.10.13"]
[Round "-"]
[White "AlanGarcia"]
[Black "adelio"]
[Result "0-1"]
[WhiteElo "1453"]
[BlackElo "1803"]

1. Nf3 c5 2. d4 e6 3. e4 a6 4. e5 Nc6 5. Na3 b5 6. c4 b4 7. d5 Nxe5 8. Nxe5 Qf6
9. Ng4 Qd8 10. dxe6 fxe6 11. Ne5 g6 12. h4 Nf6 13. Nc2 Bb7 14. Bg5 h6 15. Nxg6
Rg8 16. Bd3 Bxg2 17. Rg1 Bh3 18. Qf3 hxg5 19. Rxg5 Bf5 0-1

[Event "Challenge 07"]
[Site "http://www.queenalice.com/game.php?id=1224324"]
[Date "2013.10.13"]
[Round "-"]
[White "adelio"]
[Black "AlanGarcia"]
[Result "1-0"]
[WhiteElo "1703"]
[BlackElo "1432"]

1. d4 d5 2. e4 dxe4 3. Nc3 Nc6 4. d5 Ne5 5. Nxe4 f5 6. Nc3 Nf6 7. f4 Neg4 8. Nf3
Nxd5 9. h3 Nde3 10. Qxd8+ Kxd8 11. Bd3 e6 12. hxg4 Nxg4 13. a3 Bc5 14. b4 Bf2+
15. Kf1 Bd7 16. Bb2 h5 17. Ne5 Bd4 18. Nf7+ Ke7 19. Nxh8 Rxh8 20. Re1 1-0

[Event "Challenge 07"]
[Site "http://www.queenalice.com/game.php?id=1224325"]
[Date "2013.10.13"]
[Round "-"]
[White "RamonChess"]
[Black "AlanGarcia"]
[Result "0-1"]
[WhiteElo "1828"]
[BlackElo "1418"]

1. e4 e5 2. Nf3 Nc6 3. Bb5 Nd4 4. Nxd4 c6 5. Nf3 Bd6 6. d4 cxb5 7. dxe5 Bc5 8.
Nc3 a6 9. Bg5 f6 10. Bh4 g5 11. Bg3 g4 12. Nd2 d6 13. Nb3 Bb4 0-1